| 000 | 01271cam a2200289 a 4500 | ||
|---|---|---|---|
| 999 |
_c4198 _d4198 |
||
| 001 | 17034980 | ||
| 003 | OSt | ||
| 005 | 20250124100644.0 | ||
| 008 | 111104s2011 nyua b 001 0 eng | ||
| 010 | _a 2011293580 | ||
| 020 | _a9781439102121 (pbk.) | ||
| 040 |
_aDLC _cDLC _dDLC _dKH8 |
||
| 042 | _apcc | ||
| 043 | _an-us--- | ||
| 082 | 0 | 0 | _a338.7 KIR |
| 100 | 1 |
_aKirkpatrick, David, _d1953 January 14- _eauthor. |
|
| 245 | 1 | 4 |
_aThe Facebook effect : _bthe inside story of the company that is connecting the world / _cDavid Kirkpatrick. |
| 250 | _a1st Simon & Schuster trade pbk. ed. | ||
| 260 |
_aNew York : _bSimon & Schuster Paperbacks, _c2011. |
||
| 300 |
_a372 p. : _bill. ; _c25 cm. |
||
| 504 | _aIncludes bibliographical references (p. [340]-354) and index. | ||
| 505 | 0 | _aPrologue: the Facebook effect -- The beginning -- Palo Alto -- Social networking and the Internet -- Fall 2004 -- Investors -- Becoming a company -- Fall 2005 -- The CEO -- Privacy -- 2006 -- The platform -- $15 billion -- Making money -- Facebook and the world -- Changing our institutions -- The evolution of Facebook -- The future. | |
| 610 | 2 | 0 | _aFacebook (Firm) |
| 650 | 0 |
_aInternet industry _zUnited States. |
|
| 650 | 0 |
_aOnline social networks _xHistory. |
|
| 942 |
_2ddc _cNFIC |
||